PHARMACOLOGY -I (BHISE ) (Record no. 268091)

MARC details
000 -LEADER
fixed length control field 00321pam a2200133a 44500
008 - FIXED-LENGTH DATA ELEMENTS--GENERAL INFORMATION
fixed length control field 230405s2022 xxu||||| |||| 00| 0 eng d
041 ## - LANGUAGE CODE
Language code of text/sound track or separate title ENG
100 ## - MAIN ENTRY--PERSONAL NAME
Personal name DR. S B BHISE / MRS M S BHISE
245 ## - TITLE STATEMENT
Title PHARMACOLOGY -I (BHISE )
250 ## - EDITION STATEMENT
Edition statement 3
260 ## - PUBLICATION, DISTRIBUTION, ETC.
Place of publication, distribution, etc. PUNE
Name of publisher, distributor, etc. NIRALI PRAKASHAN
Date of publication, distribution, etc. 2022
300 ## - PHYSICAL DESCRIPTION
Extent 270
906 ## - LOCAL DATA ELEMENT F, LDF (RLIN)
a 2652
Holdings
Withdrawn status Lost status Damaged status Not for loan Collection Home library Current library Date acquired Source of acquisition Cost, normal purchase price Total Checkouts Barcode Date last seen Date last checked out Price effective from Koha item type Date due
          College of Pharmacy, Kolhapur College of Pharmacy, Kolhapur 14/04/2023 BHARATI MADHYVARTI SAHAKARI GRAHAK BHANDAR LTD 256.00 1 PCK-10071 12/06/2025 20/03/2024 14/04/2023 Book  
          College of Pharmacy, Kolhapur College of Pharmacy, Kolhapur 14/04/2023 BHARATI MADHYVARTI SAHAKARI GRAHAK BHANDAR LTD 256.00 2 PCK-10070 12/06/2025 29/04/2025 14/04/2023 Book  
          College of Pharmacy, Kolhapur College of Pharmacy, Kolhapur 14/04/2023 BHARATI MADHYVARTI SAHAKARI GRAHAK BHANDAR LTD 256.00 2 PCK-10069 27/04/2026 27/04/2026 14/04/2023 Book 27/04/2026
          College of Pharmacy, Kolhapur College of Pharmacy, Kolhapur 14/04/2023 BHARATI MADHYVARTI SAHAKARI GRAHAK BHANDAR LTD 256.00   PCK-10068 14/04/2023   14/04/2023 Book